Dynamical systems and numerical analysis (Record no. 7174)

MARC details
000 -LEADER
fixed length control field 00555 a2200193 4500
001 - CONTROL NUMBER
control field 132829
003 - CONTROL NUMBER IDENTIFIER
control field OSt
005 - DATE AND TIME OF LATEST TRANSACTION
control field 20220225123157.0
008 - FIXED-LENGTH DATA ELEMENTS--GENERAL INFORMATION
fixed length control field
020 ## - INTERNATIONAL STANDARD BOOK NUMBER
International Standard Book Number 9780521645638
082 ## - DEWEY DECIMAL CLASSIFICATION NUMBER
Classification number 515.352
Item number S92D
100 1# - MAIN ENTRY--PERSONAL NAME
Personal name Stuart, A M
245 1# - TITLE STATEMENT
Title Dynamical systems and numerical analysis
Statement of responsibility, etc by A M Stuart and A R Humphries
260 ## - PUBLICATION, DISTRIBUTION, ETC. (IMPRINT)
Place of publication, distribution, etc Cambridge
Name of publisher, distributor, etc Cambridge University Press
Date of publication, distribution, etc 2009
300 ## - PHYSICAL DESCRIPTION
Extent 685p.
690 ## - LOCAL SUBJECT ADDED ENTRY--TOPICAL TERM (OCLC, RLIN)
Topical term or geographic name as entry element Differentiable dynamical systems; Numerical analysis
700 ## - ADDED ENTRY--PERSONAL NAME
Personal name Humphries, A R
942 ## - ADDED ENTRY ELEMENTS (KOHA)
Source of classification or shelving scheme Dewey Decimal Classification
Koha item type Books
Holdings
Withdrawn status Lost status Source of classification or shelving scheme Damaged status Not for loan Collection code Home library Current library Date acquired Source of acquisition Total Checkouts Full call number Barcode Date last seen Price effective from Koha item type
    Dewey Decimal Classification     General Text Book Central University Of Rajasthan Central University Of Rajasthan 13/07/2012 MTH   515.352 S92D 10451 21/11/2024 02/09/2020 Books